Transplantasi anggota tubuh manusia dalam persepsi hukum Islam /
Saved in:
| Main Author: | |
|---|---|
| Format: | Thesis |
| Language: | Indonesian |
| Published: |
Jakarta :
Universitas Islam Negeri Syarif (UIN), Hidayatullah,
2004
|
| Subjects: | |
| Tags: |
Add Tag
No Tags, Be the first to tag this record!
|
| LEADER | 010860000a22002770004500 | ||
|---|---|---|---|
| 001 | 485784 | ||
| 005 | 20100330114000.0 | ||
| 008 | 110615t2004 io f m 00 0 ind d | ||
| 035 | |a (Sirsi) 485784 | ||
| 040 | |a UIAM |b eng | ||
| 041 | |a ind | ||
| 043 | |a a-io-- | ||
| 050 | |a RD120.75 | ||
| 100 | 1 | |a Setyawan, Edy | |
| 245 | 1 | 0 | |a Transplantasi anggota tubuh manusia dalam persepsi hukum Islam / |c oleh Edy Setyawan |
| 260 | |a Jakarta : |b Universitas Islam Negeri Syarif (UIN), Hidayatullah, |c 2004 | ||
| 300 | |a x, 220 p. ; |c 30cm | ||
| 502 | |a Tesis (MA) -- Universitas Islam Negeri Syarif Hidayatullah, 2007. | ||
| 504 | |a Includes bibliographical references (leaves 212-217). | ||
| 596 | |a 1 | ||
| 650 | 0 | |a Transplantation of organs, tissues, etc. (Islamic law) | |
| 655 | |a Theses, Facsimile edition (Islamic) | ||
| 710 | 2 | |a Universitas Islam Negeri Syarif Hidayatullah Jakarta | |
| 900 | |a hj-lfr | ||
| 999 | |c 433980 |d 465288 | ||
| 952 | |0 0 |6 TI RD 120.75 S495T 2004 |7 0 |8 THESES |9 752664 |a IIUM |b IIUM |c MULTIMEDIA |g 207.20 |o ti RD 120.75 S495T 2004 |p 00011169877 |r 2017-10-23 |t 1 |v 207.20 |y THESIS | ||
